| 000 | 00774nam a22001577a 4500 | ||
|---|---|---|---|
| 003 | OSt | ||
| 005 | 20151106141848.0 | ||
| 008 | 151106b xxu||||| |||| 00| 0 eng d | ||
| 040 | _cRUA | ||
| 050 | _aFOR PEN 1999 B125 Or.1 | ||
| 100 |
_93449 _aPEN, SOCHEAT. |
||
| 245 | _aStudy of forest management practices by local communities in ang praleng o dong district kampong speu provice, សិក្សាពីការអនុវត្តន៏ការគ្រប់គ្រងព្រៃឈើដោយសហគមន៏មូលដ្ឋាន ក្នុងតំបន់អង្គព្រលឹង ស្រុកឧត្តុង ខេត្តកំពង់ស្ពឺ | ||
| 260 |
_aPhnom Penh _bRUA _c1999 |
||
| 300 |
_a73p. _bill. _c29cm. |
||
| 942 |
_2ddc _cFOR |
||
| 999 |
_c3217 _d3217 |
||